Research Methods in Psychology (Record no. 5350)

MARC details
005 - DATE AND TIME OF LATEST TRANSACTION
control field 20250626131829.0
020 ## - INTERNATIONAL STANDARD BOOK NUMBER
International Standard Book Number 0-07-249446-8
082 ## - DEWEY DECIMAL CLASSIFICATION NUMBER
Classification number 658 SHA
100 ## - MAIN ENTRY--PERSONAL NAME
Author name SHAUGHNESSY,John.J
245 ## - TITLE STATEMENT
Title Research Methods in Psychology
250 ## - EDITION STATEMENT
Edition statement 6th Ed.
260 ## - PUBLICATION, DISTRIBUTION, ETC.
Place of publication, distribution, etc. Boston
Name of publisher, distributor, etc. McGraw.Hill
Date of publication, distribution, etc. 2003
300 ## - PHYSICAL DESCRIPTION
Extent xv,543p.;ill Pictere,Tables
Other physical details Appendix,Glossary,Index
Dimensions 24cm
700 ## - ADDED ENTRY--PERSONAL NAME
Other authors/Editors Eugene B Zechmeister,Jeanne S Zechmeister
942 ## - ADDED ENTRY ELEMENTS (KOHA)
Source of classification or shelving scheme Dewey Decimal Classification
Koha item type Books
Holdings
Date last seen Total checkouts Full call number Barcode Cost, replacement price Price effective from Koha item type Lost status Source of classification or shelving scheme Damaged status Not for loan Withdrawn status Home library Current library Shelving location Date acquired Source of acquisition Cost, normal purchase price
06/26/2025   650 SHA MZA0002265 150000.00 06/26/2000 Books   Dewey Decimal Classification       CBE Mwanza CBE Mwanza Special Reserve Collection 06/26/2000 Library Budget 50000.00
06/26/2025   650 SHA MZA0002266 150000.00 06/26/2000 Books   Dewey Decimal Classification       CBE Mwanza CBE Mwanza Special Reserve Collection 06/26/2000 Library Budget 50000.00
06/26/2025   650 SHA MZA0002267 150000.00 06/26/2000 Books   Dewey Decimal Classification       CBE Mwanza CBE Mwanza Special Reserve Collection 06/26/2000 Library Budget 50000.00
06/26/2025   650 SHA MZA0002268 150000.00 06/26/2000 Books   Dewey Decimal Classification       CBE Mwanza CBE Mwanza Special Reserve Collection 06/26/2000 Library Budget 50000.00